Statistics for 2019 All MLB Team

Click here to take the quiz!

General Stats

  • This quiz has been taken 24 times
  • The average score is 13 of 16

Answer Stats

PositionTeamPlayer% Correct
OutfieldDodgersCody Bellinger
100%
Starting PitcherAstrosJustin Verlander
100%
OutfieldAngelsMike Trout
100%
OutfieldBrewersChristian Yelich
95%
Starting PitcherNationalsMax Scherzer
95%
First BaseMetsPete Alonso
95%
Starting PitcherNationalsStephen Strasburg
95%
Third BaseNationalsAnthony Rendon
89%
Starting PitcherMetsJacob deGrom
89%
Relief PitcherBrewersJosh Hader
79%
CatcherPhilliesJT Realmuto
79%
ShortstopRed SoxXander Bogaerts
79%
DHTwinsNelson Cruz
74%
Second BaseYankeesDJ Lemahieu
68%
Starting PitcherAstrosGerrit Cole
68%
Relief PitcherPadresKirby Yates
37%

Score Distribution

Percentile by Number Answered

Percent of People with Each Score

Your Score History

You have not taken this quiz